| 000 | 00581nam a2200181 i 4500 | ||
|---|---|---|---|
| 001 | 109879 | ||
| 003 | ES-MaACL | ||
| 005 | 20230906184931.0 | ||
| 007 | t| | ||
| 008 | 061121s1909 fr r ||||1| fre d | ||
| 100 | 1 |
_aMoersch, E. _981773 |
|
| 245 | 1 | 3 |
_aLe bréton armé _b: Etude theorique et pratique / _cE. Moersch: Traduit de l'allemand par Max Dubois. |
| 260 |
_aParis : _bCh. Béranger, _c1909 ( _fImp. Charles Hérissey) |
||
| 300 |
_a358 p. : _bil. ; _c21 x 19 cm. |
||
| 650 | 4 |
_aHormigón armado. _9155789 |
|
| 700 | 1 |
_aDubois, Max. _945776 |
|
| 852 |
_aES-MaACL _jF-1108 |
||
| 999 |
_c109879 _d109879 |
||